000 00709nam a2200289Ia 4500
005 20260324143028.0
008 008 260324s9999 xx 000 0 eng d
020 _a9781315239668
037 _aEBOOK
040 _aCRL
040 _beng
040 _cCRL
041 _2eng
041 _aeng
084 _qCRL
100 _aP.G.M. Dickson
_91214133
245 4 _aThe Financial Revolution in England
245 2 _bA Study in the Development of Public Credit, 1688-1756
260 _bTaylor and Francis
260 _c1993
365 _a
365 _b230
856 _uhttp://www.taylorfrancis.com/books/9781315239668
942 _cEBOOK
999 _c1819031
_d1819031